00875nam a2200253 i 4500001000700000003000900007005001700016007000300033008004100036080003300077080001400110100003000124245007400154260003000228300002200258490002300280500004300303600004000346610003000386830003100416852003300447999001900480952012200499106863ES-MaACL20250820095204.0t|070108s1960 fr ||||1| fre d a929 Ignacio de Loyola, Santo a271.5"15"1 aGuillermou, Alain.96080610aSt. Ignace de Loyola et la compagnie de Jésus / cAlain Guillermou. aParis : bSeuil, c[1960] a187 p. ; c18 cm.1 aMaitres spirituels aBiblioteca Jacinto Martínez Lacalle.04aIgnacio de Loyola c, Santo.96514724aJesuitas-xHistoria953530 aMaitres spirituels9232865 aES-MaACLjE-11509 bR.139512 c106863d106863 00104070aATENEOMbATENEOMcDEPO2d2008-01-17eSCl0oE-11509p1111544r2023-02-23 00:00:00w2023-02-23yMONOGRAFIA